[Event "Toronto ch"]
[Site "Toronto CAN"]
[Date "2001.01.24"]
[Round "6"]
[White "Bergeron, Florian"]
[Black "Mitrovic, Bojana"]
[Result "1-0"]
[WhiteElo "2021"]
[BlackElo "2098"]
[PlyCount "75"]
[GameId "2160767911618786"]
[EventDate "2001.01.10"]
[EventType "tourn"]
[EventRounds "11"]
[EventCountry "CAN"]
[SourceTitle "EXT 2003"]
[Source "ChessBase"]
[SourceDate "2002.11.25"]
[SourceVersion "1"]
[SourceVersionDate "2002.11.25"]
[SourceQuality "1"]

1. e4 g6 2. d4 Bg7 3. c4 c5 4. Nf3 d6 5. Nc3 Nf6 6. Be2 O-O 7. O-O Bg4 8. h3 Bxf3 9. Bxf3 cxd4 10. Qxd4 Nc6 11. Qd1 Rc8 12. Be2 Na5 13. Qa4 Nd7 14. Be3 Ne5 15. c5 b6 16. f4 Nd7 17. cxd6 exd6 18. e5 Nc5 19. Bxc5 dxc5 20. Rad1 Qh4 21. Rd7 Rfd8 22. Rfd1 Rxd7 23. Qxd7 Rf8 24. Nd5 Bh6 25. Qxa7 Nc6 26. Qxb6 Nd4 27. Bg4 Ne6 28. Bxe6 fxe6 29. Qxe6+ Kh8 30. Rf1 g5 31. Qg4 Qxg4 32. hxg4 gxf4 33. e6 Re8 34. e7 Bg5 35. g3 c4 36. Kg2 Kg7 37. gxf4 Bxe7 38. Re1 1-0

[Event "Toronto ch"]
[Site "Toronto CAN"]
[Date "2001.01.24"]
[Round "6"]
[White "Dutton, Warren"]
[Black "Miller, Evgeny"]
[Result "1-0"]
[WhiteElo "2027"]
[BlackElo "2083"]
[PlyCount "84"]
[GameId "2160767911618787"]
[EventDate "2001.01.10"]
[EventType "tourn"]
[EventRounds "11"]
[EventCountry "CAN"]
[SourceTitle "EXT 2003"]
[Source "ChessBase"]
[SourceDate "2002.11.25"]
[SourceVersion "1"]
[SourceVersionDate "2002.11.25"]
[SourceQuality "1"]

1. e4 c6 2. d4 d5 3. Nd2 dxe4 4. Nxe4 Nd7 5. Bc4 Ngf6 6. Ng5 e6 7. N1f3 h6 8. Nh3 c5 9. O-O cxd4 10. Nxd4 Nb6 11. Bb3 Be7 12. c3 e5 13. Nb5 Bxh3 14. gxh3 O-O 15. Be3 Qc8 16. Qf3 Qc6 17. Qxc6 bxc6 18. Nxa7 Rxa7 19. Bxb6 Rd7 20. Rfd1 c5 21. a4 Rxd1+ 22. Rxd1 Ne4 23. Bd5 Ng5 24. Bg2 f5 25. Rd7 Rb8 26. a5 Bf8 27. Bd5+ Kh7 28. Kg2 e4 29. Rb7 Re8 30. a6 f4 31. a7 f3+ 32. Kf1 Bd6 33. h4 e3 34. fxe3 Bxh2 35. hxg5 hxg5 36. Bxf3 Rf8 37. Kg2 g4 38. Be4+ Kh6 39. Kxh2 Kh5 40. Rxg7 Kh4 41. Rh7+ Kg5 42. Kg3 c4 1-0

[Event "Toronto ch"]
[Site "Toronto CAN"]
[Date "2001.01.24"]
[Round "6"]
[White "Perovic, Bozidar"]
[Black "Preisman, Henry"]
[Result "1/2-1/2"]
[WhiteElo "2033"]
[BlackElo "2031"]
[PlyCount "69"]
[GameId "2160767911618788"]
[EventDate "2001.01.10"]
[EventType "tourn"]
[EventRounds "11"]
[EventCountry "CAN"]
[SourceTitle "EXT 2003"]
[Source "ChessBase"]
[SourceDate "2002.11.25"]
[SourceVersion "1"]
[SourceVersionDate "2002.11.25"]
[SourceQuality "1"]

1. d4 Nf6 2. c3 d5 3. Nf3 e6 4. Bg5 Be7 5. Nbd2 Nbd7 6. e3 c5 7. Bd3 O-O 8. Bb1 b6 9. Ne5 Bb7 10. f3 Re8 11. Qc2 Nf8 12. h4 N6d7 13. Bxe7 Qxe7 14. Nxd7 Qxd7 15. Qd3 e5 16. Kf2 exd4 17. cxd4 Qe7 18. Bc2 Ba6 19. Qa3 cxd4 20. Qxe7 Rxe7 21. e4 Rd8 22. Rae1 d3 23. Bb3 dxe4 24. Rxe4 Rxe4 25. Nxe4 Ne6 26. Bxe6 fxe6 27. Rc1 Rd7 28. Ke3 h6 29. Kd2 Kf7 30. Rc3 e5 31. Nf2 Ke6 32. Nxd3 Kf5 33. g4+ Ke6 34. Ke3 Bb7 35. Nf2 1/2-1/2

[Event "Toronto ch"]
[Site "Toronto CAN"]
[Date "2001.01.24"]
[Round "6"]
[White "Rakhinshteyn, Fima"]
[Black "Campbell, Brett"]
[Result "0-1"]
[WhiteElo "2262"]
[BlackElo "2240"]
[PlyCount "60"]
[GameId "2160767911618789"]
[EventDate "2001.01.10"]
[EventType "tourn"]
[EventRounds "11"]
[EventCountry "CAN"]
[SourceTitle "EXT 2003"]
[Source "ChessBase"]
[SourceDate "2002.11.25"]
[SourceVersion "1"]
[SourceVersionDate "2002.11.25"]
[SourceQuality "1"]

1. c4 g6 2. Nc3 Bg7 3. d4 d6 4. e4 Nd7 5. Be2 e5 6. Nf3 Ngf6 7. O-O O-O 8. d5 Nc5 9. Qc2 a5 10. Be3 Ne8 11. Bxc5 dxc5 12. Ne1 Nd6 13. b3 b6 14. f4 exf4 15. Rxf4 Be5 16. Rf1 Nxe4 17. Nxe4 Bxa1 18. Nf3 Bg7 19. Nfd2 Bd7 20. a4 Qe7 21. Bf3 f5 22. Nf2 Rae8 23. Nh3 Qe3+ 24. Kh1 Qc3 25. Qd1 Bh6 26. Nb1 Qd4 27. Qc2 Re3 28. Nf2 Rfe8 29. h3 Re1 30. Rxe1 Rxe1+ 0-1

[Event "Toronto ch"]
[Site "Toronto CAN"]
[Date "2001.01.24"]
[Round "6"]
[White "Verma, Tony"]
[Black "Bryskine, Marina"]
[Result "0-1"]
[WhiteElo "2023"]
[BlackElo "2118"]
[PlyCount "46"]
[GameId "2160767911618790"]
[EventDate "2001.01.10"]
[EventType "tourn"]
[EventRounds "11"]
[EventCountry "CAN"]
[SourceTitle "EXT 2003"]
[Source "ChessBase"]
[SourceDate "2002.11.25"]
[SourceVersion "1"]
[SourceVersionDate "2002.11.25"]
[SourceQuality "1"]

1. d4 d5 2. Nf3 Nf6 3. b3 e6 4. Bb2 Ne4 5. c3 Nd7 6. e3 Bd6 7. Nbd2 f5 8. Be2 O-O 9. Qc2 c6 10. Nxe4 fxe4 11. Nd2 Qh4 12. g3 Qh3 13. Bf1 Qh6 14. Bg2 e5 15. h4 exd4 16. cxd4 Bxg3 17. Nxe4 dxe4 18. fxg3 Qxe3+ 19. Qe2 Qxg3+ 20. Kd1 Nb6 21. Qxe4 Bg4+ 22. Kc1 Rae8 23. Qc2 Re1+ 0-1

[Event "Toronto ch"]
[Site "Toronto CAN"]
[Date "2001.01.29"]
[Round "7"]
[White "Bryskine, Marina"]
[Black "Dutton, Warren"]
[Result "0-1"]
[WhiteElo "2118"]
[BlackElo "2027"]
[PlyCount "76"]
[GameId "2160767911618791"]
[EventDate "2001.01.10"]
[EventType "tourn"]
[EventRounds "11"]
[EventCountry "CAN"]
[SourceTitle "EXT 2003"]
[Source "ChessBase"]
[SourceDate "2002.11.25"]
[SourceVersion "1"]
[SourceVersionDate "2002.11.25"]
[SourceQuality "1"]

1. e4 e5 2. Nf3 Nc6 3. Bb5 f5 4. d3 fxe4 5. dxe4 Nf6 6. O-O d6 7. h3 Be7 8. Nc3 O-O 9. Ng5 Kh8 10. Bc4 Qe8 11. Nd5 Nxd5 12. exd5 Nd4 13. Bd3 Bxg5 14. Bxg5 e4 15. Re1 Nf3+ 16. gxf3 Qg6 17. h4 exd3 18. Qxd3 Bf5 19. Qd2 h6 20. Re7 hxg5 21. hxg5 Rac8 22. c3 Rfe8 23. Rae1 Rxe7 24. Rxe7 Kg8 25. f4 Kf8 26. Re3 Re8 27. Rxe8+ Qxe8 28. f3 Qb5 29. Kf2 Qd3 30. Qxd3 Bxd3 31. Ke3 Bb1 32. a3 Kf7 33. b4 Kg6 34. c4 b6 35. a4 a5 36. bxa5 bxa5 37. Kd4 Bc2 38. c5 Bxa4 0-1

[Event "Toronto ch"]
[Site "Toronto CAN"]
[Date "2001.01.29"]
[Round "7"]
[White "Campbell, Brett"]
[Black "Bergeron, Florian"]
[Result "1/2-1/2"]
[WhiteElo "2240"]
[BlackElo "2021"]
[PlyCount "91"]
[GameId "2160767911618792"]
[EventDate "2001.01.10"]
[EventType "tourn"]
[EventRounds "11"]
[EventCountry "CAN"]
[SourceTitle "EXT 2003"]
[Source "ChessBase"]
[SourceDate "2002.11.25"]
[SourceVersion "1"]
[SourceVersionDate "2002.11.25"]
[SourceQuality "1"]

1. Nf3 d5 2. g3 Nf6 3. Bg2 c6 4. O-O Bf5 5. d3 e6 6. Nbd2 Be7 7. Qe1 h6 8. e4 Bh7 9. Qe2 O-O 10. Ne5 Nbd7 11. f4 dxe4 12. Nxd7 Qxd7 13. Nxe4 Nxe4 14. dxe4 Bc5+ 15. Kh1 Rfd8 16. f5 exf5 17. exf5 Qd4 18. c3 Qf6 19. Be4 Re8 20. Qf3 Re7 21. Bd2 Rae8 22. Rae1 Kh8 23. Bc2 Rxe1 24. Rxe1 Rxe1+ 25. Bxe1 g6 26. g4 gxf5 27. gxf5 Qg5 28. Qg3 Qxg3 29. Bxg3 Be3 30. Kg2 f6 31. Kf3 Bc1 32. b3 Bd2 33. c4 Bg8 34. Ke4 Kg7 35. Kd4 Bb4 36. Be4 Bf7 37. Bb8 a6 38. Bf4 h5 39. Bc1 Bd6 40. h3 c5+ 41. Kd3 b6 42. Bb7 a5 43. Ke4 Kf8 44. Bd5 Be8 45. Be6 Ke7 46. a4 1/2-1/2

[Event "Toronto ch"]
[Site "Toronto CAN"]
[Date "2001.01.29"]
[Round "7"]
[White "Miller, Evgeny"]
[Black "Rakhinshteyn, Fima"]
[Result "1-0"]
[WhiteElo "2083"]
[BlackElo "2262"]
[PlyCount "83"]
[GameId "2160767911618793"]
[EventDate "2001.01.10"]
[EventType "tourn"]
[EventRounds "11"]
[EventCountry "CAN"]
[SourceTitle "EXT 2003"]
[Source "ChessBase"]
[SourceDate "2002.11.25"]
[SourceVersion "1"]
[SourceVersionDate "2002.11.25"]
[SourceQuality "1"]

1. e4 e5 2. Nf3 Nf6 3. Nxe5 d6 4. Nf3 Nxe4 5. Nc3 Nxc3 6. dxc3 Be7 7. Be3 Nc6 8. Qd2 Bg4 9. O-O-O Ne5 10. Be2 Nxf3 11. gxf3 Be6 12. Kb1 Qd7 13. Bd4 f6 14. Rhg1 c5 15. Be3 Rg8 16. Bd3 f5 17. Qe2 Kf7 18. Bb5 Qc8 19. Bc4 Bxc4 20. Qxc4+ Qe6 21. Qd5 Qxd5 22. Rxd5 Ke6 23. Rgd1 g5 24. a4 Rg6 25. c4 Rh6 26. Re1 Kf6 27. Bxg5+ Kxg5 28. Rxe7 Rxh2 29. Rxb7 Rxf2 30. Rxh7 Rxf3 31. Rxd6 Rf1+ 32. Ka2 Rf2 33. Rd5 Rc8 34. Rxa7 Rxc2 35. Kb3 Rf2 36. Rb7 Kg4 37. a5 f4 38. a6 Rf1 39. Ka2 Re1 40. Rg7+ Kf3 41. a7 Re4 42. Rxc5 1-0

[Event "Toronto ch"]
[Site "Toronto CAN"]
[Date "2001.01.29"]
[Round "7"]
[White "Mitrovic, Bojana"]
[Black "Perovic, Bozidar"]
[Result "0-1"]
[WhiteElo "2098"]
[BlackElo "2033"]
[PlyCount "70"]
[GameId "2160767911618794"]
[EventDate "2001.01.10"]
[EventType "tourn"]
[EventRounds "11"]
[EventCountry "CAN"]
[SourceTitle "EXT 2003"]
[Source "ChessBase"]
[SourceDate "2002.11.25"]
[SourceVersion "1"]
[SourceVersionDate "2002.11.25"]
[SourceQuality "1"]

1. Nf3 d5 2. g3 Nf6 3. Bg2 c6 4. O-O Bg4 5. c4 e6 6. b3 Bc5 7. Bb2 Nbd7 8. d3 Qc7 9. Nbd2 h5 10. Rc1 Bxf3 11. Bxf3 h4 12. g4 Ne5 13. g5 Neg4 14. Bxg4 Nxg4 15. Nf3 Qf4 16. d4 Bd6 17. e3 Qe4 18. h3 Nh6 19. gxh6 Rxh6 20. Re1 Rg6+ 21. Kf1 Rf6 22. Ne5 Qh1+ 23. Ke2 Qxh3 24. Rh1 Qf5 25. Qg1 Bxe5 26. dxe5 Qf3+ 27. Ke1 Rg6 28. Qh2 O-O-O 29. Qh3 Rg1+ 30. Kd2 Qxf2+ 31. Kc3 Rg2 32. Rhd1 Qxb2+ 33. Kb4 a5+ 34. Kxa5 Qa3+ 35. Kb6 Qb4+ 0-1

[Event "Toronto ch"]
[Site "Toronto CAN"]
[Date "2001.01.29"]
[Round "7"]
[White "Verma, Tony"]
[Black "Berengolts, Isai"]
[Result "0-1"]
[WhiteElo "2023"]
[BlackElo "2231"]
[PlyCount "70"]
[GameId "2160767911618795"]
[EventDate "2001.01.10"]
[EventType "tourn"]
[EventRounds "11"]
[EventCountry "CAN"]
[SourceTitle "EXT 2003"]
[Source "ChessBase"]
[SourceDate "2002.11.25"]
[SourceVersion "1"]
[SourceVersionDate "2002.11.25"]
[SourceQuality "1"]

1. c4 f5 2. Nc3 Nf6 3. Nf3 e6 4. d4 c6 5. e3 d5 6. a3 Bd6 7. Be2 O-O 8. Ne5 Nbd7 9. f4 Ne4 10. O-O Ndf6 11. Bd2 Bd7 12. Rc1 Be8 13. c5 Bc7 14. Be1 Nxc3 15. Rxc3 Ne4 16. Rc2 g5 17. h3 Bg6 18. Bh5 Kg7 19. g4 Bxe5 20. dxe5 Bxh5 21. gxh5 Kh8 22. Kh2 Rg8 23. Rg1 Qe7 24. b4 Rg7 25. Rcg2 h6 26. Qe2 Rag8 27. Qd1 Qf7 28. Qf3 Kh7 29. fxg5 Rxg5 30. Rg4 Qxh5 31. Rxg5 Qxf3 32. Rxg8 Ng5 33. Rg3 Qe2+ 34. Rg2 Qxe1 35. Rb8 Nf3# 0-1

[Event "Toronto ch"]
[Site "Toronto CAN"]
[Date "2001.02.03"]
[Round "7"]
[White "Preisman, Henry"]
[Black "Veltmann, Martin"]
[Result "1-0"]
[WhiteElo "2031"]
[BlackElo "2058"]
[PlyCount "65"]
[GameId "2160767911618796"]
[EventDate "2001.01.10"]
[EventType "tourn"]
[EventRounds "11"]
[EventCountry "CAN"]
[SourceTitle "EXT 2003"]
[Source "ChessBase"]
[SourceDate "2002.11.25"]
[SourceVersion "1"]
[SourceVersionDate "2002.11.25"]
[SourceQuality "1"]

1. e4 c5 2. c3 e6 3. Nf3 d5 4. exd5 exd5 5. d4 Nc6 6. Be2 Be6 7. Be3 cxd4 8. Nxd4 Nf6 9. Nd2 Bd6 10. O-O O-O 11. h3 h6 12. Re1 a6 13. N2f3 Ne4 14. Qc2 Rc8 15. Nxc6 Rxc6 16. Bd3 Bb8 17. Rad1 Qa5 18. Nd4 Qc7 19. Nxc6 Qh2+ 20. Kf1 bxc6 21. Bxe4 dxe4 22. Qxe4 Bxa2 23. Rd4 Bd5 24. Rxd5 cxd5 25. Qxd5 Qc7 26. Rd1 Qh2 27. b4 Be5 28. c4 Re8 29. Qe4 f5 30. Qc6 Re7 31. Qc8+ Kh7 32. Qxf5+ g6 33. Qf8 1-0

[Event "Toronto ch"]
[Site "Toronto CAN"]
[Date "2001.01.31"]
[Round "8"]
[White "Berengolts, Isai"]
[Black "Preisman, Henry"]
[Result "1/2-1/2"]
[WhiteElo "2231"]
[BlackElo "2031"]
[PlyCount "57"]
[GameId "2160767911618797"]
[EventDate "2001.01.10"]
[EventType "tourn"]
[EventRounds "11"]
[EventCountry "CAN"]
[SourceTitle "EXT 2003"]
[Source "ChessBase"]
[SourceDate "2002.11.25"]
[SourceVersion "1"]
[SourceVersionDate "2002.11.25"]
[SourceQuality "1"]

1. e4 e5 2. Bc4 Nc6 3. d3 Nf6 4. Nc3 Bc5 5. Be3 Nd4 6. Nf3 d6 7. Bxd4 exd4 8. Ne2 Bg4 9. Qd2 d5 10. exd5 Bxf3 11. gxf3 Qd6 12. Bb5+ c6 13. dxc6 bxc6 14. Bc4 O-O 15. O-O-O Rab8 16. Rhg1 Rfe8 17. Qg5 g6 18. Nf4 Re5 19. Qh6 Nd5 20. Bxd5 cxd5 21. Rde1 Bb4 22. Rxe5 Qxe5 23. Qg5 Qxg5 24. Rxg5 Re8 25. Rg1 Re5 26. a3 Bd6 27. Ng2 Re2 28. Rf1 Re5 29. h3 1/2-1/2

[Event "Toronto ch"]
[Site "Toronto CAN"]
[Date "2001.01.31"]
[Round "8"]
[White "Bergeron, Florian"]
[Black "Miller, Evgeny"]
[Result "0-1"]
[WhiteElo "2021"]
[BlackElo "2083"]
[PlyCount "60"]
[GameId "2160767911618798"]
[EventDate "2001.01.10"]
[EventType "tourn"]
[EventRounds "11"]
[EventCountry "CAN"]
[SourceTitle "EXT 2003"]
[Source "ChessBase"]
[SourceDate "2002.11.25"]
[SourceVersion "1"]
[SourceVersionDate "2002.11.25"]
[SourceQuality "1"]

1. d4 d5 2. c4 e6 3. Nc3 Nf6 4. Bg5 Be7 5. e3 h6 6. Bh4 O-O 7. Nf3 b6 8. cxd5 exd5 9. Bd3 Nbd7 10. O-O Bb7 11. Rc1 c5 12. Ne5 Nxe5 13. dxe5 Ne4 14. Bxe7 Qxe7 15. Bxe4 dxe4 16. Qd6 Qxd6 17. exd6 Rad8 18. Rfd1 Bc6 19. Rd2 Rd7 20. b4 cxb4 21. Ne2 Bb7 22. Rc7 Rfd8 23. Rxd7 Rxd7 24. Ng3 g6 25. h4 h5 26. Rd4 a5 27. Kh2 Kg7 28. f3 exf3 29. e4 Kf6 30. gxf3 Ke6 0-1

[Event "Toronto ch"]
[Site "Toronto CAN"]
[Date "2001.01.31"]
[Round "8"]
[White "Dutton, Warren"]
[Black "Verma, Tony"]
[Result "1-0"]
[WhiteElo "2027"]
[BlackElo "2023"]
[PlyCount "89"]
[GameId "2160767911618799"]
[EventDate "2001.01.10"]
[EventType "tourn"]
[EventRounds "11"]
[EventCountry "CAN"]
[SourceTitle "EXT 2003"]
[Source "ChessBase"]
[SourceDate "2002.11.25"]
[SourceVersion "1"]
[SourceVersionDate "2002.11.25"]
[SourceQuality "1"]

1. e4 c5 2. Nc3 Nc6 3. f4 d6 4. a3 g6 5. h3 Bg7 6. Nf3 Nd4 7. Bc4 e6 8. O-O Ne7 9. d3 Bd7 10. Nxd4 Bxd4+ 11. Kh2 a6 12. a4 Bc6 13. Ne2 Bg7 14. Ba2 d5 15. exd5 Nxd5 16. g3 Qc7 17. Qe1 b5 18. f5 gxf5 19. Bxd5 Bxd5 20. Nf4 Bb7 21. axb5 axb5 22. Rxa8+ Bxa8 23. Nxe6 fxe6 24. Qxe6+ Qe7 25. Qc8+ Kf7 26. Qxf5+ Kg8 27. Qc8+ Bf8 28. Qxa8 h5 29. Qd5+ Kg7 30. Kg2 Rh7 31. Bd2 Kg6 32. Qf5+ Kg7 33. Bc3+ Kg8 34. Qd5+ Rf7 35. Rxf7 Qxf7 36. Qxf7+ Kxf7 37. b3 b4 38. Bb2 Kg6 39. Kf3 h4 40. gxh4 Kh5 41. Bf6 Bd6 42. Ke4 Bf8 43. Kd5 Kg6 44. Bd8 Kf5 45. Bb6 1-0

[Event "Toronto ch"]
[Site "Toronto CAN"]
[Date "2001.01.31"]
[Round "8"]
[White "Perovic, Bozidar"]
[Black "Campbell, Brett"]
[Result "1/2-1/2"]
[WhiteElo "2033"]
[BlackElo "2240"]
[PlyCount "100"]
[GameId "2160767911618800"]
[EventDate "2001.01.10"]
[EventType "tourn"]
[EventRounds "11"]
[EventCountry "CAN"]
[SourceTitle "EXT 2003"]
[Source "ChessBase"]
[SourceDate "2002.11.25"]
[SourceVersion "1"]
[SourceVersionDate "2002.11.25"]
[SourceQuality "1"]

1. f4 Nf6 2. Nf3 c5 3. b3 Nc6 4. e3 d5 5. Bb2 e6 6. Be2 Bd6 7. O-O Qc7 8. Na3 a6 9. Kh1 e5 10. fxe5 Nxe5 11. Qe1 Bg4 12. Bxe5 Bxe5 13. Nxe5 Bxe2 14. Qxe2 Qxe5 15. c3 h5 16. Qf3 O-O-O 17. Qf5+ Qxf5 18. Rxf5 b6 19. Rb1 Rd7 20. b4 c4 21. Nc2 Ne4 22. Rd1 g6 23. Rf3 b5 24. Nd4 Kb7 25. Kg1 Ra8 26. Kf1 Kb6 27. Ke2 a5 28. Nc2 f5 29. Rf4 axb4 30. Nxb4 Kc5 31. Rb1 Ra3 32. Rb2 Rda7 33. Rf1 R7a4 34. Ra1 Rxc3 35. Nxd5 Rca3 36. Nf4 c3 37. Nd3+ Kb6 38. dxc3 Nxc3+ 39. Kd2 Nd5 40. g3 Re4 41. Rab1 Nc3 42. Ra1 Rc4 43. Nb4 h4 44. Nc2 Ne4+ 45. Ke2 Nc3+ 46. Kd3 Na4+ 47. Nxa3 Nxb2+ 48. Ke2 Rc3 49. Rb1 Rxa3 50. Rxb2 hxg3 1/2-1/2

[Event "Toronto ch"]
[Site "Toronto CAN"]
[Date "2001.01.31"]
[Round "8"]
[White "Rakhinshteyn, Fima"]
[Black "Bryskine, Marina"]
[Result "1-0"]
[WhiteElo "2262"]
[BlackElo "2118"]
[PlyCount "63"]
[GameId "2160767911618801"]
[EventDate "2001.01.10"]
[EventType "tourn"]
[EventRounds "11"]
[EventCountry "CAN"]
[SourceTitle "EXT 2003"]
[Source "ChessBase"]
[SourceDate "2002.11.25"]
[SourceVersion "1"]
[SourceVersionDate "2002.11.25"]
[SourceQuality "1"]

1. c4 Nf6 2. Nc3 e6 3. e4 d5 4. e5 Ng8 5. d4 dxc4 6. Bxc4 Nc6 7. Nf3 Nge7 8. O-O Nd5 9. Re1 Bb4 10. Qd3 a6 11. Re4 Na5 12. Rg4 Nxc4 13. Qxc4 Bf8 14. Bg5 f6 15. exf6 gxf6 16. Bh4 Be7 17. Re1 Nxc3 18. bxc3 Kf8 19. Rf4 Kg7 20. Rg4+ Kf8 21. Bg3 f5 22. Bxc7 Qe8 23. Rg3 b5 24. Qd3 h5 25. h4 Bb7 26. Rxe6 Be4 27. Rxe4 fxe4 28. Qxe4 Bd6 29. Bxd6+ Kf7 30. Ne5+ Ke6 31. Bc5 Rg8 32. d5+ 1-0

[Event "Toronto ch"]
[Site "Toronto CAN"]
[Date "2001.01.31"]
[Round "8"]
[White "Veltmann, Martin"]
[Black "Mitrovic, Bojana"]
[Result "0-1"]
[WhiteElo "2058"]
[BlackElo "2098"]
[PlyCount "68"]
[GameId "2160767911618802"]
[EventDate "2001.01.10"]
[EventType "tourn"]
[EventRounds "11"]
[EventCountry "CAN"]
[SourceTitle "EXT 2003"]
[Source "ChessBase"]
[SourceDate "2002.11.25"]
[SourceVersion "1"]
[SourceVersionDate "2002.11.25"]
[SourceQuality "1"]

1. c4 g6 2. Nc3 Bg7 3. d4 c5 4. d5 Bxc3+ 5. bxc3 f5 6. g3 Qa5 7. Bd2 Nf6 8. Bg2 d6 9. Nh3 Nbd7 10. O-O Qa6 11. Qb3 Nb6 12. Qb5+ Qxb5 13. cxb5 Nbxd5 14. Rfd1 Rb8 15. Bxd5 Nxd5 16. Bh6 Nxc3 17. Bg7 Nxe2+ 18. Kf1 Rg8 19. Bb2 Nd4 20. Bxd4 cxd4 21. Rxd4 Bd7 22. a4 Rc8 23. Re1 Kd8 24. Ng5 Rg7 25. Rh4 Rc2 26. Nxh7 e5 27. Nf6 Be6 28. Rd1 Ke7 29. Nd5+ Bxd5 30. Rxd5 Ke6 31. Rd1 e4 32. Rh8 Ra2 33. Rd8 Rd7 34. Rg8 Kf7 0-1

[Event "Toronto ch"]
[Site "Toronto CAN"]
[Date "2001.02.02"]
[Round "9"]
[White "Bryskine, Marina"]
[Black "Bergeron, Florian"]
[Result "1/2-1/2"]
[WhiteElo "2118"]
[BlackElo "2021"]
[PlyCount "103"]
[GameId "2160767911618803"]
[EventDate "2001.01.10"]
[EventType "tourn"]
[EventRounds "11"]
[EventCountry "CAN"]
[SourceTitle "EXT 2003"]
[Source "ChessBase"]
[SourceDate "2002.11.25"]
[SourceVersion "1"]
[SourceVersionDate "2002.11.25"]
[SourceQuality "1"]

1. e4 Nf6 2. e5 Nd5 3. c4 Nb6 4. d4 d6 5. exd6 exd6 6. Bd3 Be7 7. h3 Nc6 8. Nf3 Nb4 9. Nc3 Nxd3+ 10. Qxd3 O-O 11. O-O c6 12. Re1 d5 13. c5 Nd7 14. Bf4 Re8 15. Re3 Nf8 16. Rae1 Be6 17. Ne5 Bg5 18. Bxg5 Qxg5 19. Rg3 Qh5 20. Ne2 Qh6 21. f4 f6 22. Ng4 Bxg4 23. Rxg4 Re4 24. Rf1 f5 25. Rg5 Qf6 26. Ng3 Rxd4 27. Qxf5 Ng6 28. Qxf6 gxf6 29. Rg4 Kf7 30. Nf5 Rd2 31. Nd6+ Kf8 32. Rf2 Rxf2 33. Kxf2 b6 34. cxb6 axb6 35. a3 Ne7 36. Rh4 Rd8 37. Rxh7 Rxd6 38. g4 d4 39. Ke2 c5 40. h4 c4 41. Kd2 Re6 42. f5 Re4 43. Rh8+ Ng8 44. g5 fxg5 45. hxg5 Re5 46. Rh4 Rxf5 47. Rxd4 b5 48. a4 bxa4 49. Rxc4 Ra5 50. Kc3 a3 51. bxa3 Rxa3+ 52. Kd4 1/2-1/2

[Event "Toronto ch"]
[Site "Toronto CAN"]
[Date "2001.02.02"]
[Round "9"]
[White "Campbell, Brett"]
[Black "Veltmann, Martin"]
[Result "1-0"]
[WhiteElo "2240"]
[BlackElo "2500"]
[PlyCount "55"]
[GameId "2160767911618804"]
[EventDate "2001.01.10"]
[EventType "tourn"]
[EventRounds "11"]
[EventCountry "CAN"]
[SourceTitle "EXT 2003"]
[Source "ChessBase"]
[SourceDate "2002.11.25"]
[SourceVersion "1"]
[SourceVersionDate "2002.11.25"]
[SourceQuality "1"]

1. e4 c5 2. Nc3 Nc6 3. f4 e6 4. Bc4 a6 5. a4 d6 6. Nf3 Nf6 7. Qe2 Be7 8. d3 O-O 9. e5 dxe5 10. fxe5 Nd5 11. Ne4 Nb6 12. c3 Nxc4 13. dxc4 b6 14. Bf4 Bb7 15. Rd1 Qc8 16. O-O Ra7 17. Nd6 Bxd6 18. Rxd6 Rd8 19. Ng5 Rxd6 20. exd6 Ba8 21. Qd3 g6 22. Qh3 f5 23. Qe3 Nd8 24. Re1 Bc6 25. b3 Bd7 26. h4 b5 27. Qe5 bxa4 28. Qf6 1-0

[Event "Toronto ch"]
[Site "Toronto CAN"]
[Date "2001.02.02"]
[Round "9"]
[White "Dutton, Warren"]
[Black "Berengolts, Isai"]
[Result "1-0"]
[WhiteElo "2027"]
[BlackElo "2231"]
[PlyCount "127"]
[GameId "2160767911618805"]
[EventDate "2001.01.10"]
[EventType "tourn"]
[EventRounds "11"]
[EventCountry "CAN"]
[SourceTitle "EXT 2003"]
[Source "ChessBase"]
[SourceDate "2002.11.25"]
[SourceVersion "1"]
[SourceVersionDate "2002.11.25"]
[SourceQuality "1"]

1. e4 c5 2. Nc3 e6 3. f4 d5 4. d3 Nc6 5. Nf3 d4 6. Ne2 b6 7. g3 Bb7 8. Bg2 Be7 9. O-O Nf6 10. h3 O-O 11. g4 Rc8 12. Ng3 Ba6 13. g5 Nd7 14. b3 b5 15. a4 Nb6 16. axb5 Bxb5 17. f5 Qc7 18. Nh5 g6 19. Nf6+ Bxf6 20. gxf6 exf5 21. exf5 Qd6 22. Bh6 Rfe8 23. fxg6 hxg6 24. Bg7 Nd5 25. Qd2 Qf4 26. Qxf4 Nxf4 27. Rf2 Rc7 28. Bf1 Nh5 29. Bh6 Nxf6 30. Ng5 Nd5 31. Ne4 Ncb4 32. Nd6 Rb8 33. Re1 Bc6 34. Bg2 Rd8 35. Ne4 Bd7 36. Bg5 Re8 37. Ref1 f5 38. Nd6 Re6 39. Nc4 Bb5 40. Kh2 Bxc4 41. bxc4 Ne3 42. Rb1 Nxg2 43. Kxg2 a5 44. Ra1 Ra7 45. Ra4 Nc6 46. Bf4 Kf7 47. Kf3 Ke7 48. Rf1 Kd7 49. Rb1 Nb4 50. Bd2 Rb6 51. h4 Raa6 52. Bg5 Nc6 53. Rb5 Rxb5 54. cxb5 Ne5+ 55. Kf4 Re6 56. Rxa5 Kc7 57. Ra7+ Kb8 58. Re7 Rxe7 59. Bxe7 Nd7 60. Bd6+ Kb7 61. Kg5 Kb6 62. Kxg6 f4 63. Bxf4 Kxb5 64. Kf7 1-0

[Event "Toronto ch"]
[Site "Toronto CAN"]
[Date "2001.02.02"]
[Round "9"]
[White "Miller, Evgeny"]
[Black "Perovic, Bozidar"]
[Result "1-0"]
[WhiteElo "2083"]
[BlackElo "2033"]
[PlyCount "67"]
[GameId "2160767911618806"]
[EventDate "2001.01.10"]
[EventType "tourn"]
[EventRounds "11"]
[EventCountry "CAN"]
[SourceTitle "EXT 2003"]
[Source "ChessBase"]
[SourceDate "2002.11.25"]
[SourceVersion "1"]
[SourceVersionDate "2002.11.25"]
[SourceQuality "1"]

1. e4 c6 2. d4 d5 3. Nc3 dxe4 4. Nxe4 Bf5 5. Ng3 Bg6 6. f4 e6 7. Nf3 Nd7 8. Be2 Ngf6 9. O-O Qb6 10. c4 O-O-O 11. Qa4 h5 12. Bd2 Nc5 13. dxc5 Bxc5+ 14. Kh1 h4 15. Ba5 Qxb2 16. Bxd8 Rxd8 17. Nxh4 Ne4 18. Nxe4 Bxe4 19. Bf3 Bd3 20. Qb3 Qf6 21. Rfd1 Qxh4 22. Rxd3 Rh8 23. h3 Qxf4 24. Rad1 Bb6 25. Rb1 Qe5 26. Rc3 Bc7 27. Qxb7+ Kd8 28. Rd3+ Ke7 29. Kg1 Qh2+ 30. Kf2 Rxh3 31. Qxc6 Kf6 32. c5 Qg3+ 33. Ke2 Rh5 34. Bxh5 1-0